| 000 | 00542 a2200193 04500 | ||
|---|---|---|---|
| 003 | PE-LiUPU | ||
| 005 | 20230606111356.0 | ||
| 008 | 050518s1965 spa d | ||
| 040 |
_bspa _cPE-LiUPU _dPE-LiUPU _erda |
||
| 082 | 0 | 4 |
_a370.9 _220 _bC196m |
| 100 | 1 |
_aCampillo Cuauhtli, Héctor _eautor. |
|
| 245 | 1 | 0 | _aManual de historia de la educación. |
| 250 | _a6a ed. Rev. | ||
| 260 |
_aMéxico : _bFernández Editores, _c1965 |
||
| 300 | _a319 p. ; 18 cm. | ||
| 650 | 1 | 4 | _aEducación |
| 650 | 1 | 4 | _aHistoria. |
| 942 |
_cBK _2ddc _n0 |
||
| 999 |
_c61830 _d61830 |
||
| 980 |
_623148 _aAnálisis Documental EVILA ACOSTA _823148 _gAnálisis Documental EVILA ACOSTA |
||